[Event "ICS rated blitz match"]
[Site "204.178.125.65"]
[Date "2000.09.23"]
[Round "?"]
[White "Hossa"]
[Black "Varguz"]
[Result "0-1"]
[WhiteElo "2534"]
[BlackElo "2855"]
[Annotator "Fritz 6 (35s)"]
[PlyCount "115"]
[EventDate "2000.??.??"]

1. e4 {B04: Aljechin-Verteidigung (Moderne Variante)} 1... Nf6 2. e5 Nd5 3. d4
d6 4. Nf3 g6 5. Bc4 Nb6 6. Bb3 Bg7 7. a4 a5 8. O-O O-O 9. h3 {Sichert g4} 9...
Nc6 10. Qe2 dxe5 11. dxe5 Nd4 12. Nxd4 Qxd4 13. Re1 Bf5 14. Nc3 Qd7 15. Qf3 c5
16. Be3 Qc8 {Ermoeglicht auch c4} 17. Rac1 Nd7 18. Bf4 c4 19. Ba2 Qc5 {
Wird e5 fallen?} 20. Qd5 ({Schlechter ist} 20. Qxb7 Rab8 (20... Nxe5 $143 21.
Qb5 Nd7 22. Bxc4 $16) 21. Qd5 Rxb2 22. Qxc5 Nxc5 $17) 20... Be6 21. Qxc5 ({
Weniger gut ist} 21. Qxb7 Rab8 22. Qf3 Rxb2 $15) 21... Nxc5 22. Red1 Rfc8 23.
Bg3 Ra6 24. Rd4 {Weiss ergreift die Initiative} 24... Rb6 25. Bxc4 Rxb2 26. Nd5
(26. f4 $5 $15 {ist zu ueberlegen}) 26... Bxd5 27. Bxd5 e6 28. Bc4 Rb4 29. Rcd1
Nxa4 30. Rd8+ Rxd8 31. Rxd8+ Bf8 32. Bf1 Nb6 33. Rb8 $2 (33. c3 $142 $5 {
ist noch spielbar} 33... Rb3 34. c4 $17) 33... a4 34. Rd8 (34. c3 Rb3 35. Rxb7
a3 $19) 34... a3 35. Rd1 Rb2 36. c3 (36. h4 {hilft allerdings auch nicht} 36...
a2 37. Ra1 Rxc2 $19) 36... Nd5 37. Ra1 a2 38. Bd3 Nxc3 39. Kh2 Rd2 40. Bc4 b5
41. Bxa2 Rxa2 42. Rxa2 Nxa2 43. f4 Bc5 44. Be1 b4 45. Bxb4 Bxb4 46. Kg3 h5 47.
Kf3 h4 48. g3 hxg3 49. Kxg3 Bd2 50. Kg4 Nc3 51. Kg3 Ne2+ 52. Kf2 Nxf4 53. Kg3
Nd3 54. Kf3 Nxe5+ 55. Ke4 f6 56. Kd4 g5 57. Ke4 g4 58. hxg4 0-1

[Event "ICS rated blitz match"]
[Site "204.178.125.65"]
[Date "2000.09.23"]
[Round "?"]
[White "Varguz"]
[Black "Hossa"]
[Result "1-0"]
[WhiteElo "2859"]
[BlackElo "2530"]
[Annotator "Fritz 6 (35s)"]
[PlyCount "108"]
[EventDate "2000.??.??"]

1. c4 {A28: Englische Eroeffnung (Vierspringer-Variante)} 1... e5 2. Nc3 Nf6 3.
Nf3 Nc6 4. e3 Bb4 5. Qc2 Bxc3 6. Qxc3 Qe7 7. a3 d5 8. d4 Nxd4 9. Nxd4 exd4 10.
Qxd4 c5 11. Qh4 dxc4 12. Bxc4 Be6 13. Bxe6 Qxe6 14. Qa4+ Nd7 15. O-O O-O 16. b3
Rfd8 17. Bb2 Nb6 18. Qb5 Qf5 19. Rac1 Rd5 (19... Rac8 $142 $5 $14 {
ist eine Alternative}) 20. e4 Qd7 21. Qxd7 Rxd7 (21... Nxd7 $4 22. exd5 Kf8 23.
Rfe1 $18) 22. Rxc5 Re8 23. f3 Rd2 24. Bc3 Ra2 25. Ra5 Rc2 26. Bd4 Nc8 27. Rd1
b6 28. Rg5 g6 29. Rd5 Ne7 30. Rd7 Nc6 31. Bf6 b5 32. Rc7 a5 33. Rdd7 Rf8 34.
Bg5 Kg7 (34... Ne5 $18) 35. Be7 Re8 36. Bd6 Rc1+ 37. Kf2 Kf6 38. Bf4 Rc5 39.
Kg1 g5 40. Be3 Rc3 41. Bd2 Rxb3 42. Rxc6+ Re6 43. Rcc7 Rxa3 44. Rxf7+ Ke5 45.
Rf5+ Kd6 46. Ra7 Rg6 (46... Re7 {aendert nichts am Ausgang der Partie} 47. Ra6+
Kc7 48. Rxb5 Ra1+ 49. Kf2 $18) 47. Rd5+ Kc6 (47... Ke6 {
macht keinen grossen Unterschied} 48. Bxg5 Rxg5 49. Rxg5 $18) 48. Bxa5 Ra1+ 49.
Kf2 Ra2+ 50. Kg3 Rxa5 51. Rxa5 {Ist der Isolani b5 schwach?} 51... Rg8 (51...
b4 {aendert nichts mehr} 52. Ra6+ Kc7 53. Rxg6 hxg6 54. e5 $18) 52. Ra6+ Kb7
53. Rh6 Rg7 54. Rxb5+ Kc7 1-0

[Event "ICS rated blitz match"]
[Site "204.178.125.65"]
[Date "2000.09.23"]
[Round "?"]
[White "counterplay"]
[Black "Hossa"]
[Result "1-0"]
[WhiteElo "2871"]
[BlackElo "2554"]
[PlyCount "100"]
[EventDate "2000.??.??"]

1. d4 d5 2. c4 e6 3. Nc3 Nf6 4. Bg5 Be7 5. e3 O-O 6. Nf3 Nbd7 7. Rc1 c6 8. Bd3
dxc4 9. Bxc4 Nd5 10. Bxe7 Qxe7 11. O-O Nxc3 12. Rxc3 e5 13. dxe5 Nxe5 14. Nxe5
Qxe5 15. f4 Qe4 16. Re1 Re8 17. Qd6 Be6 18. Bd3 Qd5 19. Qxd5 Bxd5 20. e4 Re7
21. Re2 Be6 22. f5 Bd7 23. Rd2 Be8 24. Bc2 f6 25. h4 Bf7 26. g4 h6 27. g5 hxg5
28. hxg5 fxg5 29. Rg3 Bxa2 30. b3 c5 31. Rc3 Rc8 32. Bd3 Bxb3 33. Rxb3 c4 34.
Rc3 b5 35. Rg2 Rd7 36. Bf1 Kf7 37. Rxg5 Kf6 38. Rg6+ Ke5 39. Re6+ Kd4 40. Rc1
Rb7 41. Rd6+ Ke5 42. Rd5+ Kf4 43. Bg2 Kg5 44. Rc3 b4 45. Rg3+ Kf6 46. e5+ Kf7
47. Rd4 Rbc7 48. Bd5+ Ke8 49. Rh4 Rf7 50. f6 b3 {Hossa resigns} 1-0

[Event "ICS rated blitz match"]
[Site "204.178.125.65"]
[Date "2000.09.23"]
[Round "?"]
[White "Hossa"]
[Black "flytox"]
[Result "0-1"]
[WhiteElo "2550"]
[BlackElo "2075"]
[PlyCount "188"]
[EventDate "2000.??.??"]

1. d4 d5 2. Nf3 Nf6 3. e3 Bf5 4. Bd3 Bxd3 5. cxd3 e6 6. Nc3 c6 7. O-O Be7 8. e4
dxe4 9. dxe4 O-O 10. Bf4 Nbd7 11. Qc2 Re8 12. Rfe1 h6 13. Qd3 Rc8 14. Rec1 Qb6
15. Rc2 a6 16. Ne5 Nxe5 17. Bxe5 Nd7 18. Bf4 Red8 19. Qd1 Nf6 20. Be5 Nd7 21.
Bg3 Nf6 22. Rd2 Rd7 23. Be5 Rcd8 24. Qf3 Nh7 25. Qg3 Bf6 26. Bxf6 Nxf6 27. Rad1
Rxd4 28. Qe3 e5 29. f3 c5 30. Kh1 R8d6 31. b3 Qd8 32. Nb1 Rxd2 33. Nxd2 b6 34.
Qc3 Rd4 35. Qe3 Rd3 36. Qe2 Qd4 37. g3 b5 38. h3 c4 39. bxc4 bxc4 40. Kh2 a5
41. Nb3 Qc3 42. Rc1 Qb4 43. Kh1 a4 44. Na1 Nh5 45. Kg1 Nxg3 46. Qf2 Nh5 47. h4
Nf4 48. Qf1 Qd6 49. Kh1 Qd4 50. a3 Nh5 51. Qg1 Rxa3 52. Nc2 Qxg1+ 53. Kxg1 Rxf3
54. Nb4 c3 55. Nc6 f6 56. Ne7+ Kf7 57. Nf5 Nf4 58. Rc2 a3 59. Nd6+ Kg6 60. Nb5
Kh5 61. Nxa3 Kxh4 62. Kh2 Rh3+ 63. Kg1 Re3 64. Kf2 Rxe4 65. Rxc3 g5 66. Rc6 Nh5
67. Nc4 Rf4+ 68. Ke1 g4 69. Ne3 Kg5 70. Rc8 Re4 71. Kf2 g3+ 72. Kf3 Rf4+ 73.
Kg2 Rf2+ 74. Kg1 Kf4 75. Ng2+ Kg4 76. Ne3+ Kh3 77. Rh8 Re2 78. Rxh6 Rxe3 79.
Rxh5+ Kg4 80. Rh6 f5 81. Rd6 f4 82. Kf1 Kf3 83. Rd1 e4 84. Kg1 Kg4 85. Ra1 f3
86. Rc1 Kf4 87. Kh1 Re2 88. Kg1 Ra2 89. Rd1 g2 90. Kh2 Ra8 91. Rd7 Rh8+ 92. Rh7
Rxh7+ 93. Kg1 Rh1+ 94. Kf2 e3# {Hossa checkmated} 0-1

[Event "ICS rated blitz match"]
[Site "204.178.125.65"]
[Date "2000.09.23"]
[Round "?"]
[White "Varguz"]
[Black "Hossa"]
[Result "1-0"]
[WhiteElo "2784"]
[BlackElo "2520"]
[PlyCount "81"]
[EventDate "2000.??.??"]

1. d4 d5 2. c4 c6 3. Nc3 Nf6 4. e3 e6 5. Nf3 Nbd7 6. Bd3 dxc4 7. Bxc4 Nb6 8.
Bd3 c5 9. O-O cxd4 10. exd4 Bb4 11. Bg5 h6 12. Bxf6 Qxf6 13. Bb5+ Bd7 14. Bxd7+
Nxd7 15. Qa4 Qe7 16. Ne5 Bd6 17. Rad1 a6 18. Rfe1 Rd8 19. Nd5 Qh4 20. g3 Qg5
21. Nb6 Qe7 22. Nexd7 Bc7 23. Nf6+ Kf8 24. Nbd7+ Rxd7 25. Nxd7+ Kg8 26. d5 b5
27. Qxa6 Qxd7 28. dxe6 Qe8 29. Rd7 fxe6 30. Rxc7 Qg6 31. Rxe6 Qb1+ 32. Kg2 Qf5
33. Rc8+ Kf7 34. Qa7+ Kxe6 35. Rc6+ Ke5 36. Qc5+ Ke4 37. Qb4+ Ke5 38. f4+ Qxf4
39. Qxf4+ Kd5 40. Rd6+ Kc5 41. b4# {Hossa checkmated} 1-0

[Event "ICS rated blitz match"]
[Site "204.178.125.65"]
[Date "2000.09.23"]
[Round "?"]
[White "Hossa"]
[Black "Kicke"]
[Result "1-0"]
[WhiteElo "2514"]
[BlackElo "1973"]
[PlyCount "26"]
[EventDate "2000.??.??"]

1. d4 Nf6 2. c4 e5 3. dxe5 Ng4 4. Nf3 Bc5 5. e3 Nc6 6. Be2 Ngxe5 7. Nc3 d6 8.
O-O Be6 9. Nxe5 Nxe5 10. Na4 Nxc4 11. Nxc5 dxc5 12. Qa4+ c6 13. Bxc4 Bxc4 {
Kicke resigns} 1-0

[Event "ICS rated blitz match"]
[Site "204.178.125.65"]
[Date "2000.09.23"]
[Round "?"]
[White "Hossa"]
[Black "Valg"]
[Result "1-0"]
[WhiteElo "2515"]
[BlackElo "2485"]
[PlyCount "72"]
[EventDate "2000.??.??"]

1. e4 e5 2. Nf3 d6 3. d4 exd4 4. Nxd4 Nf6 5. Nc3 Be7 6. Bc4 O-O 7. O-O c6 8.
Bd3 Nbd7 9. Nf5 Nc5 10. Nxe7+ Qxe7 11. Bg5 Qe5 12. Qc1 Nxd3 13. cxd3 h6 14. Bf4
Qe7 15. Qe3 Nh5 16. Bxh6 gxh6 17. Qxh6 Ng7 18. Rad1 Re8 19. Ra1 Ne6 20. f4 Qf8
21. Qh4 Qg7 22. Rf3 Qd4+ 23. Kh1 Bd7 24. f5 Qh8 25. Qg3+ Ng7 26. f6 Re5 27. d4
Re6 28. Raf1 Rf8 29. Qf4 Rb8 30. Rg3 Be8 31. Rh3 Qh5 32. Rxh5 Rxf6 33. Qxf6
Nxh5 34. Qxd6 Ra8 35. Qe7 b6 36. d5 f6 {Valg resigns} 1-0

[Event "ICS rated blitz match"]
[Site "204.178.125.65"]
[Date "2000.09.24"]
[Round "?"]
[White "Varguz"]
[Black "Hossa"]
[Result "1-0"]
[WhiteElo "2798"]
[BlackElo "2530"]
[PlyCount "37"]
[EventDate "2000.??.??"]

1. c4 Nf6 2. Nc3 c5 3. Nf3 Nc6 4. g3 d5 5. d4 dxc4 6. d5 Nb4 7. e4 Qa5 8. Bxc4
Nxe4 9. Nxe4 Bf5 10. Nfd2 b5 11. Nb3 Qb6 12. Nbxc5 bxc4 13. Qa4+ Kd8 14. Be3
Qb8 15. Ng5 Nc2+ 16. Ke2 e5 17. dxe6 Bd3+ 18. Kf3 Be2+ 19. Kxe2 {Hossa resigns}
1-0

[Event "ICS rated blitz match"]
[Site "204.178.125.65"]
[Date "2000.09.24"]
[Round "?"]
[White "Hossa"]
[Black "Varguz"]
[Result "0-1"]
[WhiteElo "2524"]
[BlackElo "2804"]
[PlyCount "166"]
[EventDate "2000.??.??"]

1. d4 Nf6 2. c4 c5 3. d5 e6 4. Nc3 exd5 5. cxd5 d6 6. e4 g6 7. Nf3 Bg7 8. Be2
O-O 9. O-O Re8 10. Nd2 Nbd7 11. a4 Ne5 12. Re1 a6 13. h3 g5 14. Nc4 Nxc4 15.
Bxc4 g4 16. h4 h6 17. Bd2 Nh5 18. g3 f5 19. Qc1 Qf6 20. Bd3 b6 21. exf5 Rxe1+
22. Qxe1 Bxf5 23. Bxf5 Qxf5 24. Qe6+ Qxe6 25. dxe6 Bd4 26. Bxh6 Nxg3 27. Kg2
Nf5 28. Bg5 Re8 29. Re1 Be5 30. Nd5 Rxe6 31. Nxb6 Kf7 32. Re4 Bxb2 33. Rf4 Kg6
34. Rxg4 Kh5 35. Rf4 Kg6 36. Nd5 Re5 37. Nc7 a5 38. Rg4 Kh5 39. f3 Re2+ 40. Kf1
Re3 41. Kg2 Rd3 42. Ne6 Be5 43. Nf4+ Bxf4 44. Rxf4 Rd5 45. Kh3 Nd4 46. Rf6 Nf5
47. Bf4 c4 48. Bd2 Rc5 49. Rf8 Rd5 50. Bc3 Ne3 51. Ra8 Rd3 52. Rh8+ Kg6 53.
Bxa5 c3 54. Rc8 c2 55. Bd8 Rd1 56. Bg5 c1=Q 57. Rxc1 Rxc1 58. Bxe3 Ra1 59. Kg4
Rxa4+ 60. f4 d5 61. Bc5 Re4 62. h5+ Kg7 63. Kg5 d4 64. Bb4 Re2 65. Kg4 d3 66.
Bc3+ Kh6 67. Kf3 Kxh5 68. Ba5 Kg6 69. Bc3 Kf5 70. Ba5 Ke6 71. f5+ Kxf5 72. Bc3
Ke6 73. Bb4 Kd5 74. Ba5 Rh2 75. Ke3 Kc4 76. Bb6 d2 77. Bc7 Rg2 78. Kf3 Rg1 79.
Ke4 d1=Q 80. Kf4 Qf1+ 81. Ke4 Rg5 82. Ke3 Rg2 83. Be5 Re2# {Hossa checkmated}
0-1

[Event "ICS rated blitz match"]
[Site "204.178.125.65"]
[Date "2000.09.24"]
[Round "?"]
[White "Hossa"]
[Black "Valg"]
[Result "0-1"]
[WhiteElo "2519"]
[BlackElo "2485"]
[PlyCount "174"]
[EventDate "2000.??.??"]

1. d4 Nf6 2. c4 e6 3. Nf3 b6 4. g3 Ba6 5. b3 Bb4+ 6. Bd2 Be7 7. Bg2 c6 8. Bc3
d5 9. Ne5 Nfd7 10. Nxd7 Nxd7 11. Nd2 O-O 12. O-O Rc8 13. e4 b5 14. Re1 dxc4 15.
bxc4 bxc4 16. Qh5 c5 17. d5 Re8 18. Bh3 exd5 19. exd5 Rb8 20. Bxg7 Kxg7 21.
Qg4+ Kh8 22. Qxd7 c3 23. Nb3 Bb5 24. Qf5 Kg8 25. Rac1 Bf8 26. Rxe8 Qxe8 27.
Qg4+ Bg7 28. Nxc5 Be2 29. Qg5 h6 30. Qf5 Qe7 31. Ne4 Qa3 32. Qf4 Rb4 33. Bg2 c2
34. Rxc2 Rb1+ 35. Bf1 Rxf1+ 36. Kg2 Bf3+ 37. Kh3 Bxe4 38. Qxe4 a5 39. Qf5 Qe7
40. Kg2 Re1 41. Rc8+ Bf8 42. Qg4+ Kh7 43. Qf5+ Kg8 44. Qg4+ Qg5 45. Qd4 Qg7 46.
Qc5 Re2 47. a4 f5 48. Ra8 Qf7 49. Qc6 f4 50. g4 h5 51. h3 f3+ 52. Kg3 h4+ 53.
Kxh4 Rxf2 54. Qe6 Re2 55. Qxf7+ Kxf7 56. Kg3 f2 57. Ra7+ Kf6 58. Ra6+ Ke5 59.
Kg2 Kxd5 60. Ra8 Bb4 61. g5 Be1 62. Rd8+ Kc5 63. Rh8 Re3 64. Kf1 Rg3 65. Rf8
Rg1+ 66. Ke2 Rxg5 67. Rh8 Re5+ 68. Kf1 Re4 69. Rc8+ Kb4 70. Rh8 Kxa4 71. Rh7
Kb3 72. Rb7+ Kc3 73. Rb5 a4 74. Rc5+ Kb2 75. Rb5+ Rb4 76. Re5 a3 77. Re2+ Kb1
78. Re3 a2 79. Ra3 a1=Q 80. Rxa1+ Kxa1 81. Kg2 Rb3 82. Kf1 Rxh3 83. Kg2 Rc3 84.
Kf1 Rf3 85. Ke2 f1=Q+ 86. Kd1 Bc3+ 87. Kc2 Qb1# {Hossa checkmated} 0-1

[Event "ICS rated blitz match"]
[Site "204.178.125.65"]
[Date "2000.09.24"]
[Round "?"]
[White "ban"]
[Black "Hossa"]
[Result "1-0"]
[WhiteElo "2776"]
[BlackElo "2501"]
[PlyCount "103"]
[EventDate "2000.??.??"]

1. d4 Nf6 2. c4 e6 3. Nf3 d5 4. Nc3 Be7 5. Bg5 O-O 6. e3 h6 7. Bxf6 Bxf6 8. Rc1
Re8 9. Be2 c6 10. Qc2 Na6 11. a3 Nc7 12. O-O Rb8 13. Bd3 g6 14. Ne5 Bxe5 15.
dxe5 Qe7 16. Qa4 dxc4 17. Qxc4 Rd8 18. Rfd1 Nd5 19. Ne4 Nb6 20. Qc3 Nd5 21. Qd4
Ra8 22. Bc4 Kh8 23. Nf6 b5 24. Bxd5 cxd5 25. h4 Ba6 26. Qd2 Rac8 27. e4 Kg7 28.
exd5 exd5 29. Rxc8 Bxc8 30. Qd4 Be6 31. h5 Qc7 32. b4 Qb6 33. Qf4 g5 34. Qg3
Qc7 35. f4 Qc2 36. Rf1 Qd2 37. Rf2 Qc1+ 38. Kh2 Bc8 39. Qd3 Qe1 40. Qh7+ Kf8
41. Qxh6+ Ke7 42. Qxg5 Kf8 43. Rc2 Qh4+ 44. Qxh4 d4 45. Nh7+ Ke8 46. Rc7 Bd7
47. Nf6+ Ke7 48. Nxd7+ Ke8 49. Nc5 f6 50. Qxf6 Rd7 51. Nxd7 a6 52. Qf8# {
Hossa checkmated} 1-0

[Event "ICS Rated blitz match"]
[Site "204.178.125.65"]
[Date "2000.09.24"]
[Round "?"]
[White "Sandbagger187"]
[Black "Hossa"]
[Result "0-1"]
[WhiteElo "2137"]
[BlackElo "2496"]
[PlyCount "54"]
[EventDate "2000.??.??"]

1. e4 e5 2. Nc3 Nf6 3. f4 d5 4. fxe5 Nxe4 5. d3 Nxc3 6. bxc3 c5 7. Nf3 Nc6 8.
Be2 Be7 9. O-O O-O 10. Qe1 f6 11. exf6 Bxf6 12. Bf4 Qe7 13. Qd2 Bxc3 14. Qxc3
Rxf4 15. Rae1 Bg4 16. Bd1 Qd6 17. Nd2 Rxf1+ 18. Rxf1 Bxd1 19. Rxd1 Rf8 20. Nf3
b6 21. Re1 Qf4 22. Qb3 Qf5 23. Rf1 Nd4 24. Qa4 a5 25. c3 Ne2+ 26. Kf2 Qxd3 27.
Qd7 Nxc3 {Sandbagger187 resigns} 0-1

[Event "ICS rated blitz match"]
[Site "204.178.125.65"]
[Date "2000.09.24"]
[Round "?"]
[White "Hossa"]
[Black "Athlon900"]
[Result "0-1"]
[WhiteElo "2500"]
[BlackElo "2733"]
[PlyCount "158"]
[EventDate "2000.??.??"]

1. e4 e6 2. d4 d5 3. Nc3 dxe4 4. Nxe4 Nc6 5. Nf3 Nge7 6. Bc4 Nf5 7. c3 Nd6 8.
Bd3 f5 9. Ng3 Be7 10. O-O O-O 11. Re1 Qe8 12. Bf4 Qg6 13. Bc2 Rd8 14. Bb3 Na5
15. Ne5 Qe8 16. Ba4 b5 17. Bc2 c5 18. dxc5 Ndc4 19. Qe2 Nxb2 20. Bxf5 exf5 21.
Qxb2 Rd5 22. c6 g5 23. Bd2 Qd8 24. Rad1 Bf6 25. Nf3 f4 26. c7 Qd7 27. Nh5 Bh8
28. Qb4 Nc4 29. Re7 Qc6 30. Rde1 Bd7 31. Bc1 a6 32. Qb1 Qg6 33. Bxf4 Qxb1 34.
Rxb1 gxf4 35. Nxf4 Rd6 36. a4 Rc8 37. axb5 axb5 38. Nd4 Bxd4 39. cxd4 Rxc7 40.
Rxb5 Rxd4 41. Rb8+ Bc8 42. Re8+ Kf7 43. Rf8+ Kg7 44. g3 Rd1+ 45. Kg2 Ne3+ 46.
fxe3 Rc2+ 47. Kf3 Kxf8 48. h3 Rf1+ 49. Ke4 Kg7 50. Rb6 Rc4+ 51. Kd3 Ra4 52. Ke2
Rh1 53. g4 Rxh3 54. Nxh3 Bxg4+ 55. Kd3 Bxh3 56. e4 h5 57. Ke3 Bg2 58. Rb5 Kg6
59. Re5 h4 60. Kf4 h3 61. Kg3 Ra3+ 62. Kh2 Re3 63. Re6+ Kg5 64. e5 Be4 65. Re8
Bf5 66. Rh8 Rxe5 67. Kg3 Re3+ 68. Kf2 Kf4 69. Rh6 Rc3 70. Rh8 Rc2+ 71. Kg1 Kg3
72. Kf1 h2 73. Ke1 Bh3 74. Rg8+ Kf4 75. Kd1 Ra2 76. Rf8+ Kg3 77. Rg8+ Bg4+ 78.
Rxg4+ Kxg4 79. Ke1 h1=Q# {Hossa checkmated} 0-1

[Event "ICS rated blitz match"]
[Site "204.178.125.65"]
[Date "2000.09.24"]
[Round "?"]
[White "Hossa"]
[Black "Valg"]
[Result "1-0"]
[WhiteElo "2493"]
[BlackElo "2480"]
[PlyCount "101"]
[EventDate "2000.??.??"]

1. e4 c5 2. Nf3 Nc6 3. d4 cxd4 4. Nxd4 Nf6 5. Nc3 e5 6. Ndb5 d6 7. Bg5 a6 8.
Na3 b5 9. Bxf6 gxf6 10. Nd5 f5 11. Bd3 Be6 12. O-O Bg7 13. Qh5 f4 14. c4 bxc4
15. Bxc4 O-O 16. Rac1 Rb8 17. b3 Qd7 18. Rfd1 Kh8 19. Rd2 Nb4 20. Be2 Bxd5 21.
exd5 e4 22. Nc4 Rg8 23. Bg4 Qc7 24. Bf5 h6 25. Bxe4 Rge8 26. Qf5 Kg8 27. a3 Qe7
28. f3 Qc7 29. axb4 Rxb4 30. Qxf4 Qc5+ 31. Kh1 Rxb3 32. Rd3 Rxd3 33. Bxd3 Qxd5
34. Nxd6 Rd8 35. Nxf7 Qxd3 36. Nxd8 Qxd8 37. Qc4+ Kh7 38. Qxa6 h5 39. Qc4 Qe7
40. Rg1 Kh6 41. g4 hxg4 42. Qxg4 Qf7 43. Qxg7+ Qxg7 44. Rxg7 Kh5 45. f4 Kh4 46.
f5 Kh5 47. f6 Kh6 48. Rg2 Kh5 49. f7 Kh6 50. f8=Q+ Kh5 51. Qh8# {Valg resigns}
1-0

[Event "ICS rated blitz match"]
[Site "204.178.125.65"]
[Date "2000.09.24"]
[Round "?"]
[White "PostModernist"]
[Black "Hossa"]
[Result "1-0"]
[WhiteElo "2720"]
[BlackElo "2508"]
[PlyCount "77"]
[EventDate "2000.??.??"]

1. d4 d5 2. Nf3 Nf6 3. e3 e6 4. Bd3 c5 5. b3 Nc6 6. O-O Bd7 7. c4 Nb4 8. cxd5
Nxd3 9. Qxd3 Nxd5 10. Bb2 Nb4 11. Qe2 cxd4 12. Bxd4 Rc8 13. Bc3 f6 14. e4 Qb6
15. Rd1 e5 16. a3 Na6 17. b4 Be7 18. Nh4 g6 19. Kh1 Ba4 20. Rc1 Bb5 21. Qg4 f5
22. Qh3 O-O 23. Qg3 fxe4 24. Qxe5 Bf6 25. Qxe4 Rf7 26. a4 Bc6 27. Qg4 Bd7 28.
Qe4 Nxb4 29. Rd1 Rxc3 30. Nxc3 Bxc3 31. Rxd7 Bxa1 32. Qe8+ Rf8 33. Qe7 Rf4 34.
Qxh7+ Kf8 35. Nxg6+ Qxg6 36. Qe7+ Kg8 37. Rd8+ Qe8 38. Rxe8+ Rf8 39. Rxf8# {
Hossa checkmated} 1-0

[Event "ICS rated blitz match"]
[Site "204.178.125.65"]
[Date "2000.09.24"]
[Round "?"]
[White "Hossa"]
[Black "PostModernist"]
[Result "1-0"]
[WhiteElo "2501"]
[BlackElo "2727"]
[PlyCount "125"]
[EventDate "2000.??.??"]

1. e4 c5 2. Nf3 g6 3. d4 Bg7 4. dxc5 Nf6 5. e5 Ng4 6. Qd4 h5 7. Bb5 Nc6 8. Bxc6
dxc6 9. Qxd8+ Kxd8 10. Bf4 f6 11. exf6 exf6 12. O-O Bd7 13. Nbd2 g5 14. Bd6 Nh6
15. Rfe1 Nf5 16. Ne4 g4 17. Nfd2 h4 18. Bf4 h3 19. Nd6 Nxd6 20. cxd6 hxg2 21.
Kxg2 f5 22. Nc4 Rh3 23. Re7 Bd4 24. c3 b5 25. cxd4 bxc4 26. Rae1 Rh8 27. Rf7
Rb8 28. Rxd7+ Kxd7 29. Re7+ Kd8 30. Rxa7 Rh5 31. d7 Rxb2 32. Be5 Re2 33. Bf6+
Re7 34. Ra8+ Kxd7 35. Ra7+ Ke6 36. Bxe7 c3 37. Bb4 c2 38. Bd2 Rh3 39. Ra5 Rd3
40. Bg5 Rxd4 41. Rc5 f4 42. Rxc2 Kf5 43. Rc5+ Ke4 44. Rxc6 Kf5 45. Rc5+ Ke4 46.
a3 Ra4 47. Be7 Ra7 48. Rc1 Rb7 49. Re1+ Kf5 50. h4 gxh3+ 51. Kxh3 Rc7 52. Kg2
Rc6 53. a4 Ra6 54. Ra1 Rg6+ 55. Kf3 Re6 56. Bc5 Re4 57. Ra3 Rc4 58. Bf8 Rc8 59.
Bd6 Rc4 60. a5 Rd4 61. a6 Rxd6 62. a7 Rd4 63. a8=Q {PostModernist resigns} 1-0

[Event "ICS rated blitz match"]
[Site "204.178.125.65"]
[Date "2000.09.24"]
[Round "?"]
[White "PostModernist"]
[Black "Hossa"]
[Result "1-0"]
[WhiteElo "2702"]
[BlackElo "2526"]
[PlyCount "201"]
[EventDate "2000.??.??"]

1. e4 d5 2. exd5 Qxd5 3. Nc3 Qd8 4. Nf3 Nf6 5. Bc4 Nc6 6. h3 e6 7. d4 Be7 8.
O-O O-O 9. Bf4 a6 10. a4 Bd7 11. Re1 Bb4 12. Qd3 Na5 13. Ba2 Nc6 14. Bb3 Na5
15. Nd2 Nxb3 16. Nxb3 Bc6 17. Qg3 Nd5 18. Nxd5 Qxd5 19. Rec1 Rfc8 20. Be5 Bf8
21. c4 Qd8 22. Qg4 b6 23. Re1 g6 24. a5 Bb4 25. Re3 Be7 26. Qg3 Bh4 27. Qh2 Ra7
28. f3 Bg5 29. Bf4 b5 30. cxb5 Bxb5 31. Bxg5 Qxg5 32. Qe5 Qxe5 33. dxe5 Rd8 34.
Rc1 Kg7 35. Kh2 Rd5 36. h4 Rb7 37. Nc5 Rb8 38. b3 h6 39. Kg3 Rc8 40. Ree1 Rcd8
41. Nb7 R8d7 42. Rc2 Bd3 43. Rc3 Bb5 44. Nc5 Rd8 45. Rcc1 Rc8 46. Nb7 c5 47.
Rc3 Rc7 48. Nd6 Ra7 49. f4 Bd7 50. Kh2 Rd4 51. Re4 Rd5 52. Rec4 Ra8 53. Rxc5
Rd8 54. Rc7 Rd4 55. Kg3 g5 56. fxg5 hxg5 57. hxg5 Be8 58. Re7 Kf8 59. Ra7 Rd5
60. Rf3 Rxa5 61. Nxf7 Bxf7 62. Rfxf7+ Kg8 63. Rg7+ Kh8 64. Rh7+ Kg8 65. Rag7+
Kf8 66. Rc7 Kg8 67. Rhg7+ Kh8 68. Kh4 Rxe5 69. Rh7+ Kg8 70. Rcg7+ Kf8 71. Kh5
Rf5 72. Kh6 Ke8 73. Rg8+ Rf8 74. Rxf8+ Kxf8 75. Rh8+ Ke7 76. Rxd8 Kxd8 77. g6
e5 78. g7 Kd7 79. g8=Q Kd6 80. Qg6+ Kd5 81. Qd3+ Kc5 82. b4+ Kc6 83. b5+ axb5
84. Qe2 e4 85. Qxe4+ Kb6 86. Qb4 Kc6 87. Qxb5+ Kxb5 88. g4 Kc5 89. g5 Kd5 90.
g6 Ke5 91. g7 Kd5 92. g8=Q+ Kc5 93. Qe6 Kd4 94. Qb3 Ke4 95. Qc4+ Kf3 96. Kh5
Kg3 97. Qf7 Kh3 98. Qg6 Kh2 99. Kh4 Kh1 100. Kg3 Kg1 101. Qb1# {
Hossa checkmated} 1-0

[Event "ICS rated blitz match"]
[Site "204.178.125.65"]
[Date "2000.09.24"]
[Round "?"]
[White "Hossa"]
[Black "PostModernist"]
[Result "1/2-1/2"]
[WhiteElo "2517"]
[BlackElo "2711"]
[PlyCount "113"]
[EventDate "2000.??.??"]

1. d4 Nf6 2. c4 g6 3. Nc3 d5 4. Qb3 dxc4 5. Qxc4 Bg7 6. e4 O-O 7. Nf3 Nc6 8. d5
Na5 9. Qa4 c6 10. dxc6 Nxc6 11. Be2 Qc7 12. O-O Rd8 13. Be3 Bd7 14. Rfd1 Ne5
15. Bb5 a6 16. Bxd7 Nxf3+ 17. gxf3 Rxd7 18. Rac1 Rxd1+ 19. Qxd1 Qe5 20. f4 Qe6
21. e5 Ng4 22. Nd5 Nxe3 23. fxe3 Rb8 24. Rc7 Bf8 25. Qf3 h5 26. e4 b5 27. Qg3
Kh8 28. Qf3 Re8 29. h3 Bg7 30. Qg3 f5 31. exf6 Bxf6 32. Nxf6 Qxf6 33. Qc3 b4
34. Qc6 Qd4+ 35. Kf1 Qd1+ 36. Kf2 Qd2+ 37. Kg1 Rf8 38. Rxe7 Qxf4 39. Re8 Qg3+
40. Kh1 Qf3+ 41. Kh2 Qe2+ 42. Kh1 Qe1+ 43. Kh2 Qf2+ 44. Kh1 Qf3+ 45. Kh2 Qf4+
46. Kh1 Qf1+ 47. Kh2 Qe2+ 48. Kh1 Qd1+ 49. Kg2 Qd2+ 50. Kh1 Rxe8 51. Qxe8+ Kg7
52. Qe7+ Kh6 53. Qf8+ Kg5 54. Qe7+ Kh6 55. Qf8+ Kh7 56. Qf7+ Kh6 57. Qf8+ {
Game drawn by repetition} 1/2-1/2

[Event "ICS rated blitz match"]
[Site "204.178.125.65"]
[Date "2000.09.24"]
[Round "?"]
[White "PostModernist"]
[Black "Hossa"]
[Result "1-0"]
[WhiteElo "2703"]
[BlackElo "2525"]
[PlyCount "151"]
[EventDate "2000.??.??"]

1. d4 d5 2. Nf3 Nf6 3. e3 e6 4. b3 c5 5. Bd3 cxd4 6. exd4 Nc6 7. Bb2 Bd6 8. a3
O-O 9. Nbd2 Qc7 10. O-O Bf4 11. g3 Bh6 12. b4 b6 13. b5 Ne7 14. Qe2 Bb7 15.
Rfe1 Rac8 16. Nb3 Ne4 17. a4 Nc3 18. Bxc3 Qxc3 19. Ne5 Nf5 20. Qg4 Rc7 21. Rad1
Nd6 22. Qh5 f5 23. Qe2 Re7 24. a5 bxa5 25. Ra1 Nf7 26. Rxa5 Nxe5 27. Qxe5 Bc8
28. Rea1 Rff7 29. Qb8 Qc7 30. Qa8 Rf8 31. Qxa7 Qd8 32. Qc5 Rc7 33. Qb4 f4 34.
g4 f3 35. b6 Rcf7 36. h3 Qh4 37. Bf1 Rf4 38. Ra8 Rxg4+ 39. Kh1 g6 40. Qe1 Re4
41. Qc3 Bb7 42. Rxf8+ Bxf8 43. Qxf3 Rf4 44. Qg3 Qf6 45. Bg2 Bd6 46. Ra7 Bc6 47.
b7 Bb8 48. Ra8 Qf8 49. Nc5 Bxb7 50. Nxb7 e5 51. Bxd5+ Kh8 52. dxe5 Rf5 53. Qc3
h6 54. e6+ Kh7 55. e7 Qxe7 56. Rxb8 Qe5 57. Qxe5 Rxe5 58. c4 Rf5 59. Nd6 Rxf2
60. Rb7+ Kh8 61. Nf7+ Kg7 62. Ne5+ Kf8 63. Nxg6+ Ke8 64. Bc6+ Kd8 65. Rd7+ Ke8
66. Rd2+ Kf7 67. Rxf2+ Ke6 68. c5 h5 69. Re2+ Kf6 70. Be8 Kg7 71. c6 Kf6 72. c7
Kf5 73. c8=Q+ Kg5 74. Qc5+ Kh6 75. Qf8+ Kg5 76. Qf4# {Hossa checkmated} 1-0

[Event "ICS rated blitz match"]
[Site "204.178.125.65"]
[Date "2000.09.24"]
[Round "?"]
[White "Hossa"]
[Black "Varguz"]
[Result "0-1"]
[WhiteElo "2517"]
[BlackElo "2809"]
[PlyCount "69"]
[EventDate "2000.??.??"]

1. e4 d6 2. d4 Nf6 3. Nc3 g6 4. Nf3 Bg7 5. h3 O-O 6. Be3 a6 7. Bd3 Nc6 8. d5
Ne5 9. Nxe5 dxe5 10. Qf3 e6 11. dxe6 Bxe6 12. O-O-O Qe7 13. g4 c6 14. g5 Nh5
15. Kb1 Nf4 16. Bxf4 exf4 17. Qxf4 Bxc3 18. bxc3 f6 19. gxf6 Rxf6 20. Qd2 Raf8
21. Rh2 Qc7 22. f4 Rxf4 23. c4 c5 24. Rdh1 Qe5 25. c3 Rf3 26. Re2 Rd8 27. Re3
Rxe3 28. Qxe3 Qxc3 29. Rd1 Rd6 30. Qxc5 Rxd3 31. Rc1 Qd4 32. Qxd4 Rxd4 33. c5
Rxe4 34. c6 bxc6 35. Rxc6 {Hossa resigns} 0-1